000 00866nam a2200253Ia 4500
003 OSt
005 20220923211250.0
006 a|||||r|||| 00| 0
007 ta
008 Pun
020 _a9788178564043 (hbk)
_c300
024 _a281,277
037 _b855, 14/08/2014, H.K. Prakashan
_cTextual
040 _aARTS
_cARTS
_bPun
041 _2Pun
_aPun
082 _aO153,1NSI:g, Q4
100 _aਸਿੰਘ, ਬ੍ਰਹਮਜਗਦੀF
_9160099
245 0 _aਚਰਨ ਸਿੰਘ ਦਾ ਕਾਵਿ ਲੋਕ
260 _aਅੰਮ੍ਰਿਤਸਰ
_b ਵਾਰਿਸ Fਾਹ ਖ਼ਾਉ੍ਵਡੇFਨ
_c2014
300 _a192ਪੰ
_ccm.
650 _aਪੰਜਾਬੀ ਸਾਹਿਤ
942 _hO153,1NSI:g, Q4
_cTEXL
_2CC
999 _c297924
_d297924